| 000 | 00782nam a2200253Ia 4500 | ||
|---|---|---|---|
| 003 | OSt | ||
| 005 | 20220928125138.0 | ||
| 006 | a|||||r|||| 00| 0 | ||
| 007 | ta | ||
| 008 | 220927b |||||||| |||| 00| 0 eng d | ||
| 020 | _cUSD 34.95 | ||
| 024 | _a139554 | ||
| 037 |
_b51, 29/01/2019, Better Book Service _cTextual |
||
| 040 |
_aSDCL _cSDCL _beng |
||
| 041 |
_2eng _aeng |
||
| 082 | _aX:7, Q7 | ||
| 100 |
_aBoland Lawrence A. _9401892 |
||
| 245 | 0 |
_aEquilibrium models in economics _b Purposes & critical limitations |
|
| 260 |
_aNew York _b Oxford university press _c2017 |
||
| 300 |
_axvii,264p. _ccm. |
||
| 650 | _aFinancial Studies | ||
| 942 |
_hX:7, Q7 _cTEXL _2CC |
||
| 999 |
_c781050 _d781050 |
||